=LDR 00000nam 2200000 4500 =001 INLIS000000000040347 =005 20130612145920 =008 ***********************************ind** =035 ##$$0010-061300000040347 =041 ##$$a ind =082 ##$$a 618.92 =090 ##$$a 618.92, add k 3 =100 ##$$a addy,d.p, Dr =245 ##$$a buku pintar kesehatan, kesehatan anak, Dr.D.P.Addy =260 ##$$a 1991 $b jakarta =300 ##$$a vi,151 hlm, ilus, 12.5 x 19 cm =850 ##$$a NBPNMAT